ការគ្រប់គ្រងមណ្ធុលអភិវត្តន៍កសិកម្្ម រដ្ឋកម្ពុជា (Record no. 29)

000 -LEADER
fixed length control field 00442nam a22001337a 4500
003 - CONTROL NUMBER IDENTIFIER
control field OSt
005 - DATE AND TIME OF LATEST TRANSACTION
control field 20150905141759.0
008 - FIXED-LENGTH DATA ELEMENTS--GENERAL INFORMATION
fixed length control field 150905b xxu||||| |||| 00| 0 eng d
040 ## - CATALOGING SOURCE
Transcribing agency RUA
082 ## - DEWEY DECIMAL CLASSIFICATION NUMBER
Classification number AGR គន 1992 BOO3 Or.1
100 ## - MAIN ENTRY--PERSONAL NAME
9 (RLIN) 32
Personal name គង-សុពុទ្ធី
245 ## - TITLE STATEMENT
Title ការគ្រប់គ្រងមណ្ធុលអភិវត្តន៍កសិកម្្ម រដ្ឋកម្ពុជា
942 ## - ADDED ENTRY ELEMENTS (KOHA)
Source of classification or shelving scheme
Koha item type AGR

No items available.

មជ្ឈមណ្ឌលឯការនៃសាកលវិទ្យាល័យភូមិន្ទកសិកម្មចំការដូង

Powered by Koha